5 Maiores Países por Continente - Statistics

Estatísticas Gerais
  • Esse quiz foi jogado 21 692 vezes
  • A pontuação média é 22 de 29
Estatísticas das Respostas
Continente País % Correto
América do Sul Brasil
98%
Europa/Ásia Rússia
98%
América do Sul Argentina
96%
América do Norte Canadá
96%
América do Norte Estados Unidos
96%
Oceania Austrália
95%
Ásia China
95%
América do Norte México
93%
América do Sul Colômbia
90%
Oceania Nova Zelândia
87%
América do Sul Peru
87%
América do Sul Bolívia
85%
Europa França
85%
Ásia Índia
85%
Europa Espanha
80%
África República Democrática do Congo
71%
África Argélia
70%
Europa Ucrânia
70%
Ásia Cazaquistão
66%
Oceania Papua Nova Guiné
61%
África Sudão
60%
Europa Suécia
60%
Ásia Arábia Saudita
55%
África Líbia
54%
América do Norte Honduras
53%
América do Norte Nicarágua
53%
Oceania Fiji
52%
África Chade
46%
Oceania Ilhas Salomão
40%
Nenhum quiz correspondente encontrado
Distribuição das Pontuações
Porcentagem de Pessoas com Cada Pontuação
Percentil de Números Respondidos
Sua Pontuação Histórica
Você não jogou esse quiz